<?xml version="1.0" encoding="UTF-8"?><?xml-stylesheet type="text/xsl" href="static/style.xsl"?><OAI-PMH xmlns="http://www.openarchives.org/OAI/2.0/" xmlns:xsi="http://www.w3.org/2001/XMLSchema-instance" xsi:schemaLocation="http://www.openarchives.org/OAI/2.0/ http://www.openarchives.org/OAI/2.0/OAI-PMH.xsd"><responseDate>2026-04-28T19:32:38Z</responseDate><request verb="GetRecord" identifier="oai:uvadoc.uva.es:10324/28406" metadataPrefix="marc">https://uvadoc.uva.es/oai/request</request><GetRecord><record><header><identifier>oai:uvadoc.uva.es:10324/28406</identifier><datestamp>2025-01-21T08:26:25Z</datestamp><setSpec>com_10324_5262</setSpec><setSpec>com_10324_5186</setSpec><setSpec>com_10324_29291</setSpec><setSpec>col_10324_28401</setSpec></header><metadata><record xmlns="http://www.loc.gov/MARC21/slim" xmlns:doc="http://www.lyncode.com/xoai" xmlns:xsi="http://www.w3.org/2001/XMLSchema-instance" xmlns:dcterms="http://purl.org/dc/terms/" xsi:schemaLocation="http://www.loc.gov/MARC21/slim http://www.loc.gov/standards/marcxml/schema/MARC21slim.xsd">
<leader>00925njm 22002777a 4500</leader>
<datafield tag="042" ind1=" " ind2=" ">
<subfield code="a">dc</subfield>
</datafield>
<datafield tag="720" ind1=" " ind2=" ">
<subfield code="a">Pascual Suaña, Oliver</subfield>
<subfield code="e">author</subfield>
</datafield>
<datafield tag="260" ind1=" " ind2=" ">
<subfield code="c">2017</subfield>
</datafield>
<datafield tag="520" ind1=" " ind2=" ">
<subfield code="a">The purpose of this study is to examine the Right against self-incrimination in DIRECTIVE (EU) 2016/343 OF THE EUROPEAN PARLIAMENT AND OF THE COUNCIL of 9 March 2016 on the strengthening of certain aspects of the presumption of innocence and of the right to be present at the trial in criminal proceedings. For this, I will analyse the interpretation by the European Court of Human Rights which, with its various Judgments, has clearly established the defining elements of this Right, understood by the Directive as an instrument of the Presumption of Innocence.</subfield>
</datafield>
<datafield tag="520" ind1=" " ind2=" ">
<subfield code="a">El objeto de este estudio, es examinar el derecho a no incriminarse en la Directiva (UE) 2016/343 del Parlamento europeo y del Consejo de 9 de marzo de 2016 por la que se refuerzan en el proceso penal determinados aspectos de la Presunción de inocencia y el derecho a estar presente en el juicio. Para ello, analizaré la interpretación dada por del Tribunal Europeo de Derechos Humanos, que, con sus diversas Sentencias, ha ido estableciendo con claridad los elementos definitorios de este derecho, entendido por la Directiva como un instrumento de la presunción de inocencia.</subfield>
</datafield>
<datafield tag="024" ind2=" " ind1="8">
<subfield code="a">Revista de estudios europeos, 2017, N.1, pags.65-77</subfield>
</datafield>
<datafield tag="024" ind2=" " ind1="8">
<subfield code="a">1132-7170</subfield>
</datafield>
<datafield tag="024" ind2=" " ind1="8">
<subfield code="a">http://uvadoc.uva.es/handle/10324/28406</subfield>
</datafield>
<datafield tag="024" ind2=" " ind1="8">
<subfield code="a">65</subfield>
</datafield>
<datafield tag="024" ind2=" " ind1="8">
<subfield code="a">1</subfield>
</datafield>
<datafield tag="024" ind2=" " ind1="8">
<subfield code="a">77</subfield>
</datafield>
<datafield ind1=" " ind2=" " tag="653">
<subfield code="a">Procedimiento relativo al proceso - Países de la Unión Europea</subfield>
</datafield>
<datafield ind1=" " ind2=" " tag="653">
<subfield code="a">Presunción de inocencia - Países de la Unión Europea</subfield>
</datafield>
<datafield tag="245" ind1="0" ind2="0">
<subfield code="a">Derecho a no incriminarse en la directiva (ue) 2016/343 del parlamento europeo y del consejo de 9 de marzo de 2016 por la que se refuerzan en el proceso penal determinados aspectos de la presunción de inocencia y el derecho a estar presente en el juicio</subfield>
</datafield>
</record></metadata></record></GetRecord></OAI-PMH>